000 00320nam a22001457a 4500
008 210511b ||||| |||| 00| 0 eng d
020 _a9780078463327
041 _aeng
080 _a612.39
082 _a612.39
100 _a10
101 _aNUT
245 _aNutrition Wellness
_cRoberta L. Duyff
942 _2udc
_cBK
999 _c57253
_d57253